[Event "Düsseldorfer SK 1 - SV Würselen 1"]
[Site "Oberliga NRW 2014/2015"]
[Date "2015.03.22"]
[Round "8.1"]
[White "Hovhannisyan, Mher"]
[Black "Stark, Lars"]
[Result "1-0"]
[WhiteElo "2503"]
[BlackElo "2407"]
[PlyCount "85"]
[EventDate "2015.??.??"]
[WhiteTeam "SV Würselen 1"]
[BlackTeam "Düsseldorfer SK 1"]

1. e4 e6 2. d4 d5 3. Nd2 Nc6 4. Ngf3 Nf6 5. e5 Nd7 6. c4 dxc4 7. Nxc4 Nb6 8. a3
Be7 9. Be3 Nd5 10. Rc1 Bd7 11. Bd3 a5 12. O-O a4 13. Bd2 Qb8 14. Ne3 Nf4 15.
Be4 O-O 16. g3 Ng6 17. h4 Rd8 18. h5 Nf8 19. h6 f5 20. exf6 gxf6 21. d5 exd5
22. Nxd5 Be6 23. Nxe7+ Nxe7 24. Qc2 c6 25. Qc3 Kf7 26. Ng5+ fxg5 27. Qg7+ Ke8
28. Bxg5 Rd7 29. Bxh7 Ra5 30. Bf4 Qa7 31. Rfe1 Qd4 32. Bc2 Rh5 33. Rcd1 Qc5 34.
Rxd7 Kxd7 35. Qxf8 Qxc2 36. Qb8 Qc5 37. Qc7+ Ke8 38. Rxe6 Rh1+ 39. Kxh1 Qd5+
40. Kg1 Qd1+ 41. Kg2 Qd5+ 42. f3 Qxe6 43. Qe5 1-0

[Event "Düsseldorfer SK 1 - SV Würselen 1"]
[Site "Oberliga NRW 2014/2015"]
[Date "2015.03.22"]
[Round "8.2"]
[White "Schuh, Dirk"]
[Black "Cekro, Ekrem"]
[Result "0-1"]
[WhiteElo "2322"]
[BlackElo "2367"]
[PlyCount "118"]
[EventDate "2015.??.??"]
[WhiteTeam "Düsseldorfer SK 1"]
[BlackTeam "SV Würselen 1"]

1. e4 g6 2. d4 c6 3. Nd2 Bg7 4. Ngf3 d6 5. Bd3 Nf6 6. O-O O-O 7. Re1 Qc7 8. c3
e5 9. h3 Re8 10. Nf1 Nbd7 11. Ng3 Nf8 12. Be3 h6 13. Qd2 Kh7 14. c4 Ne6 15. d5
Nc5 16. Bc2 a5 17. b3 Bd7 18. a3 cxd5 19. cxd5 b5 20. Rac1 Qb7 21. Bxc5 dxc5
22. a4 Qb6 23. axb5 Bxb5 24. Ra1 Re7 25. Ra3 Ne8 26. Nf1 Nd6 27. Ne3 Rea7 28.
Rea1 Bd7 29. Qe1 Qb4 30. Nd2 Bb5 31. R3a2 h5 32. Ndc4 Nxc4 33. Nxc4 Bxc4 34.
Qxb4 cxb4 35. bxc4 Bf8 36. Ba4 Rb8 37. Bb5 Bc5 38. Rxa5 Rxa5 39. Rxa5 b3 40.
Ra1 b2 41. Rb1 Bd4 42. Kf1 Ra8 43. c5 Ra1 44. Bd3 Bxc5 45. Ke2 Bd4 46. d6 Kg7
47. d7 Ra8 48. f3 Kf8 49. Kd1 Ke7 50. Bb5 h4 51. Kc2 Ra5 52. Bc4 f6 53. Bf7
Kxd7 54. Bxg6 Kd6 55. Bf7 Kc5 56. Bb3 Kb4 57. Bg8 Ra7 58. Be6 Rc7+ 59. Kd1 Kc3
0-1

[Event "Düsseldorfer SK 1 - SV Würselen 1"]
[Site "Oberliga NRW 2014/2015"]
[Date "2015.03.22"]
[Round "8.3"]
[White "Beukema, Stefan"]
[Black "de Gleria, Francesco"]
[Result "0-1"]
[WhiteElo "2270"]
[BlackElo "2347"]
[PlyCount "104"]
[EventDate "2015.??.??"]
[WhiteTeam "SV Würselen 1"]
[BlackTeam "Düsseldorfer SK 1"]

1. e4 e5 2. Nf3 Nc6 3. Bb5 a6 4. Ba4 Nf6 5. O-O Be7 6. d3 b5 7. Bb3 O-O 8. a4
Bb7 9. Qe2 Re8 10. c3 d5 11. Nbd2 Bf8 12. Rd1 h6 13. Bc2 Qd6 14. Nb3 d4 15.
cxd4 exd4 16. axb5 axb5 17. Rxa8 Bxa8 18. Nh4 Nb4 19. Nf5 Qd7 20. Nfxd4 c5 21.
Nf3 Rd8 22. e5 Ng4 23. Na1 Re8 24. d4 cxd4 25. Be4 Nxe5 26. Bxa8 d3 27. Qxe5
Rxe5 28. Nxe5 Qa7 29. Bd2 Qxa8 30. Bxb4 Qa4 31. b3 Qxb4 32. Nxd3 Qc3 33. Kf1
Ba3 34. g3 g6 35. Ne1 Bb2 36. Rd3 Qc6 37. Nac2 Qh1+ 38. Ke2 Qxh2 39. Rd5 Qh3
40. Rxb5 Qe6+ 41. Kd3 Qd7+ 42. Kc4 Qd2 43. f3 Qe2+ 44. Kc5 Bc3 45. b4 Bxe1 46.
Nxe1 Qxe1 47. Rb7 Qc3+ 48. Kd6 Qxf3 49. Kc7 Qxg3+ 50. Kc6 h5 51. b5 h4 52. b6
h3 0-1

[Event "Düsseldorfer SK 1 - SV Würselen 1"]
[Site "Oberliga NRW 2014/2015"]
[Date "2015.03.22"]
[Round "8.4"]
[White "Lauzeningks, Jan"]
[Black "Goossens, Etienne"]
[Result "1/2-1/2"]
[WhiteElo "2264"]
[BlackElo "2177"]
[PlyCount "22"]
[EventDate "2015.??.??"]
[WhiteTeam "Düsseldorfer SK 1"]
[BlackTeam "SV Würselen 1"]

1. e4 e5 2. Nf3 Nc6 3. Bb5 Nf6 4. Qe2 Bc5 5. c3 O-O 6. d3 Re8 7. Bg5 a6 8. Ba4
h6 9. Bh4 Be7 10. Nbd2 d6 11. Bb3 Nd7 1/2-1/2

[Event "Düsseldorfer SK 1 - SV Würselen 1"]
[Site "Oberliga NRW 2014/2015"]
[Date "2015.03.22"]
[Round "8.5"]
[White "Ljuboschiz, Alexander"]
[Black "Balster, Stefan"]
[Result "1/2-1/2"]
[WhiteElo "2014"]
[BlackElo "2230"]
[PlyCount "54"]
[EventDate "2015.??.??"]
[WhiteTeam "SV Würselen 1"]
[BlackTeam "Düsseldorfer SK 1"]

1. e4 c5 2. Nf3 e6 3. d4 cxd4 4. Nxd4 Nf6 5. Nc3 d6 6. Be2 Be7 7. O-O O-O 8. f4
Nc6 9. Be3 Bd7 10. Kh1 Nxd4 11. Bxd4 Bc6 12. Bf3 Qc7 13. e5 Nd7 14. exd6 Bxd6
15. Bxc6 Qxc6 16. Qg4 e5 17. fxe5 Bxe5 18. Rad1 Nf6 19. Qh4 Rfe8 20. Rde1 Bxd4
21. Qxd4 a6 22. h3 h6 23. a3 Rad8 24. Qf2 h5 25. Rxe8+ Rxe8 26. Re1 Re6 27.
Rxe6 Qxe6 1/2-1/2

[Event "Düsseldorfer SK 1 - SV Würselen 1"]
[Site "Oberliga NRW 2014/2015"]
[Date "2015.03.22"]
[Round "8.6"]
[White "Berndt, Axel"]
[Black "Andok, Claus Michael"]
[Result "1/2-1/2"]
[WhiteElo "2122"]
[BlackElo "2100"]
[PlyCount "30"]
[EventDate "2015.??.??"]
[WhiteTeam "Düsseldorfer SK 1"]
[BlackTeam "SV Würselen 1"]

1. e4 g6 2. d4 Bg7 3. Nc3 c6 4. Be3 d5 5. e5 h5 6. f4 Nh6 7. h3 b5 8. Be2 Nf5
9. Bf2 a5 10. Qd2 a4 11. a3 e6 12. Nf3 Bf8 13. O-O h4 14. Nd1 Nd7 15. Ne3 Nb6
1/2-1/2

[Event "Düsseldorfer SK 1 - SV Würselen 1"]
[Site "Oberliga NRW 2014/2015"]
[Date "2015.03.22"]
[Round "8.7"]
[White "Bien, Stefan"]
[Black "Partenheimer, Axel"]
[Result "1/2-1/2"]
[WhiteElo "2062"]
[BlackElo "2104"]
[PlyCount "34"]
[EventDate "2015.??.??"]
[WhiteTeam "SV Würselen 1"]
[BlackTeam "Düsseldorfer SK 1"]

1. d4 d5 2. Nf3 Nf6 3. c3 Bf5 4. Bg5 Nbd7 5. Nbd2 h6 6. Bh4 e6 7. e3 Be7 8. Be2
O-O 9. O-O Ne4 10. Bxe7 Qxe7 11. Qb3 Rab8 12. c4 c6 13. Rfd1 Nxd2 14. Rxd2 Nf6
15. Bd3 Bxd3 16. Qxd3 Ne4 17. Rc2 Rfe8 1/2-1/2

[Event "Düsseldorfer SK 1 - SV Würselen 1"]
[Site "Oberliga NRW 2014/2015"]
[Date "2015.03.22"]
[Round "8.8"]
[White "Probst, Andreas"]
[Black "Heinichen, Nils"]
[Result "1/2-1/2"]
[WhiteElo "2028"]
[BlackElo "2069"]
[PlyCount "35"]
[EventDate "2015.??.??"]
[WhiteTeam "Düsseldorfer SK 1"]
[BlackTeam "SV Würselen 1"]

1. e4 c5 2. Nc3 Nc6 3. g3 g6 4. Bg2 Bg7 5. d3 d6 6. Be3 e6 7. Qd2 a6 8. h4 h5
9. Nh3 Nd4 10. Nd1 Nf6 11. c3 Nc6 12. Bg5 Qc7 13. O-O O-O 14. Bh6 d5 15. Bxg7
Kxg7 16. Nf4 d4 17. c4 Bd7 18. b3 1/2-1/2

[Event "SV Mülheim-Nord 2 - Düsseldorfer SK 1"]
[Site "Oberliga NRW 2014/2015"]
[Date "2015.04.26"]
[Round "9.1"]
[White "Stark, Lars"]
[Black "Beerdsen, Thomas"]
[Result "1/2-1/2"]
[WhiteElo "2388"]
[BlackElo "2265"]
[PlyCount "89"]
[EventDate "2015.??.??"]
[WhiteTeam "Düsseldorfer SK 1"]
[BlackTeam "SV Mülheim-Nord 2"]

1. c4 Nf6 2. g3 c6 3. Nf3 d5 4. Bg2 dxc4 5. O-O Nbd7 6. Na3 Nb6 7. Qc2 g6 8.
Nxc4 Nxc4 9. Qxc4 Bg7 10. d3 O-O 11. Bd2 Nd5 12. Rab1 e5 13. b4 a6 14. a4 h6
15. Rfc1 Be6 16. Qc5 Rc8 17. Be1 Re8 18. Qc2 f5 19. Bd2 e4 20. Ne1 e3 21. fxe3
Bf7 22. e4 Bd4+ 23. Kh1 Ne3 24. Bxe3 Bxe3 25. Rd1 f4 26. Bh3 fxg3 27. Ng2 Bf2
28. Rf1 Qg5 29. Rxf2 gxf2 30. Bxc8 Rxc8 31. e3 Rd8 32. d4 Qe7 33. Rf1 Rf8 34.
Rxf2 Qxb4 35. Nf4 Qe1+ 36. Kg2 Qxe3 37. Qd3 Qxd3 38. Nxd3 Rd8 39. Ne5 Be8 40.
Nf3 c5 41. d5 Bxa4 42. Ne5 Re8 43. Ng4 Kg7 44. Nf6 Rf8 45. e5 1/2-1/2

[Event "SV Mülheim-Nord 2 - Düsseldorfer SK 1"]
[Site "Oberliga NRW 2014/2015"]
[Date "2015.04.26"]
[Round "9.2"]
[White "Zwirs, Nico"]
[Black "Schuh, Dirk"]
[Result "0-1"]
[WhiteElo "2322"]
[BlackElo "2337"]
[PlyCount "70"]
[EventDate "2015.??.??"]
[WhiteTeam "SV Mülheim-Nord 2"]
[BlackTeam "Düsseldorfer SK 1"]

1. e4 e5 2. Nf3 Nc6 3. Bc4 Nf6 4. d3 Be7 5. O-O O-O 6. Re1 d6 7. a4 Be6 8. Nbd2
Na5 9. Bxe6 fxe6 10. b4 Nc6 11. c3 Qe8 12. Qb3 Nd8 13. d4 Nh5 14. dxe5 Nf4 15.
Qc4 Qg6 16. g3 Nc6 17. Ra2 Qg4 18. b5 Nxe5 19. Nxe5 Nh3+ 20. Kh1 Nxf2+ 21. Kg2
dxe5 22. Rf1 Qh3+ 23. Kg1 Ng4 24. Nf3 Rf7 25. Rg2 Raf8 26. Qe2 Bc5+ 27. Kh1 Qh5
28. Nd2 Nf2+ 29. Rgxf2 Qxe2 30. Rxe2 Rxf1+ 31. Nxf1 Rxf1+ 32. Kg2 Rxc1 33. Rd2
Rxc3 34. Rd8+ Kf7 35. Rd7+ Be7 0-1

[Event "SV Mülheim-Nord 2 - Düsseldorfer SK 1"]
[Site "Oberliga NRW 2014/2015"]
[Date "2015.04.26"]
[Round "9.3"]
[White "de Gleria, Francesco"]
[Black "Nabuurs, Joep"]
[Result "0-1"]
[WhiteElo "2344"]
[BlackElo "2273"]
[PlyCount "59"]
[EventDate "2015.??.??"]
[WhiteTeam "Düsseldorfer SK 1"]
[BlackTeam "SV Mülheim-Nord 2"]

1. e4 c5 2. Nf3 d6 3. d4 cxd4 4. Qxd4 a6 5. h3 Nc6 6. Qe3 g6 7. c4 Bg7 8. Be2
Nf6 9. Nc3 O-O 10. O-O Nd7 11. Rb1 Nde5 12. Rd1 Nxf3+ 13. Bxf3 Qa5 14. Rd5 Qc7
15. b3 b5 16. e5 Be6 17. cxb5 Nxe5 18. Be2 Bxd5 19. Nxd5 Qc2 20. Nxe7+ Kh8 21.
Rb2 Qc7 22. Nd5 Qb7 23. Nc3 axb5 24. Nxb5 d5 25. Rc2 Rfd8 26. Rc7 Qb8 27. Bb2
d4 28. Qe4 Rxa2 29. Rb7 Qc8 30. f4 0-1

[Event "SV Mülheim-Nord 2 - Düsseldorfer SK 1"]
[Site "Oberliga NRW 2014/2015"]
[Date "2015.04.26"]
[Round "9.4"]
[White "Wittenberg, Andreas"]
[Black "Plukkel, Sjoerd"]
[Result "0-1"]
[WhiteElo "2169"]
[BlackElo "2298"]
[PlyCount "68"]
[EventDate "2015.??.??"]
[WhiteTeam "SV Mülheim-Nord 2"]
[BlackTeam "Düsseldorfer SK 1"]

1. d4 Nf6 2. Nf3 e6 3. g3 b6 4. Bg2 Bb7 5. O-O Be7 6. c4 O-O 7. d5 exd5 8. Nh4
Ne4 9. cxd5 Bxh4 10. Bxe4 Bf6 11. Nc3 d6 12. Qc2 h6 13. Be3 Nd7 14. Rfd1 Nc5
15. Bf3 a5 16. Rac1 Bc8 17. a3 Bd7 18. b4 axb4 19. axb4 Ra3 20. Bd4 Bxd4 21.
Rxd4 Nb3 22. Qb2 Qa8 23. Nb1 Nxd4 24. Nxa3 Nxf3+ 25. exf3 Qxd5 26. Rxc7 Bh3 27.
Qe2 Qb3 28. Nc2 Ra8 29. Ne1 Ra1 30. Re7 d5 31. Qe5 Rxe1+ 32. Qxe1 Qxf3 33. Re8+
Kh7 34. Qb1+ f5 0-1

[Event "SV Mülheim-Nord 2 - Düsseldorfer SK 1"]
[Site "Oberliga NRW 2014/2015"]
[Date "2015.04.26"]
[Round "9.5"]
[White "van Assendelft, Floris"]
[Black "Buckels, Valentin"]
[Result "1-0"]
[WhiteElo "2320"]
[BlackElo "2144"]
[PlyCount "115"]
[EventDate "2015.??.??"]
[WhiteTeam "Düsseldorfer SK 1"]
[BlackTeam "SV Mülheim-Nord 2"]

1. e4 e5 2. Nf3 Nc6 3. Be2 Nf6 4. d3 d5 5. Nbd2 dxe4 6. dxe4 Bc5 7. O-O Qe7 8.
c3 O-O 9. b4 Bd6 10. Qc2 Be6 11. Nc4 Bxc4 12. Bxc4 Nd8 13. Nh4 g6 14. g3 Ne6
15. Bh6 Rfe8 16. Rae1 a5 17. a3 axb4 18. axb4 Nh5 19. Qe2 Nhg7 20. f4 Nxf4 21.
Qg4 Nfe6 22. Nf5 gxf5 23. exf5 f6 24. fxe6 Kh8 25. Qh4 Rf8 26. Bxg7+ Qxg7 27.
Rf5 Ra3 28. Rc1 Be7 29. Qe4 Qh6 30. Rc2 c6 31. Be2 Qg6 32. Bd3 Rd8 33. Kg2 Ra1
34. Qe2 Bf8 35. Be4 Qg7 36. Rh5 h6 37. Rd2 Raa8 38. Bf5 Qe7 39. Rd7 Rxd7 40.
exd7 Rd8 41. Qd3 Qf7 42. Rh4 Qa2+ 43. Kh3 Qd5 44. Qe3 Rxd7 45. Bxd7 Qxd7+ 46.
g4 Bg7 47. Rxh6+ Bxh6 48. Qxh6+ Kg8 49. Qg6+ Kf8 50. Qxf6+ Kg8 51. Qg5+ Kf7 52.
Qf5+ Qxf5 53. gxf5 Kf6 54. Kg4 b5 55. h3 Ke7 56. Kf3 Kf7 57. Ke4 Kf6 58. h4 1-0

[Event "SV Mülheim-Nord 2 - Düsseldorfer SK 1"]
[Site "Oberliga NRW 2014/2015"]
[Date "2015.04.26"]
[Round "9.6"]
[White "van Osch, Mees"]
[Black "Lauzeningks, Jan"]
[Result "0-1"]
[WhiteElo "2286"]
[BlackElo "2264"]
[PlyCount "98"]
[EventDate "2015.??.??"]
[WhiteTeam "SV Mülheim-Nord 2"]
[BlackTeam "Düsseldorfer SK 1"]

1. e4 c5 2. Nf3 Nc6 3. d4 cxd4 4. Nxd4 g6 5. c4 Nf6 6. Nc3 d6 7. Be2 Nxd4 8.
Qxd4 Bg7 9. Be3 O-O 10. Qd2 Be6 11. O-O Qa5 12. Rac1 a6 13. f3 Rfc8 14. b3 b5
15. Nd5 Qxd2 16. Bxd2 Nxd5 17. cxd5 Bd4+ 18. Kh1 Bd7 19. g3 Bb2 20. Rxc8+ Rxc8
21. Bd3 Kg7 22. Kg2 f5 23. Re1 fxe4 24. Rxe4 Bf6 25. g4 Rc5 26. Re2 Rxd5 27.
Be4 Rc5 28. Bb7 Rc7 29. Bxa6 Ra7 30. g5 Rxa6 31. gxf6+ Kxf6 32. h4 e5 33. f4 e4
34. Kf2 Kf5 35. Be3 Kg4 36. Bc1 Bf5 37. Ke3 h5 38. a3 Kxh4 39. Rg2 Kh3 40. Kf2
Rc6 41. Rg3+ Kh4 42. Rg1 Rc2+ 43. Ke3 Rc3+ 44. Kf2 Rc2+ 45. Ke3 Rc3+ 46. Kf2
Rf3+ 47. Ke1 Rxb3 48. Kf2 Rf3+ 49. Ke1 Rg3 0-1

[Event "SV Mülheim-Nord 2 - Düsseldorfer SK 1"]
[Site "Oberliga NRW 2014/2015"]
[Date "2015.04.26"]
[Round "9.7"]
[White "Balster, Stefan"]
[Black "Bus, Tom"]
[Result "1-0"]
[WhiteElo "2230"]
[BlackElo "2105"]
[Annotator "Hausrath,Daniel"]
[PlyCount "83"]
[EventDate "2015.??.??"]
[WhiteTeam "Düsseldorfer SK 1"]
[BlackTeam "SV Mülheim-Nord 2"]

1. c4 e5 2. g3 Nf6 3. Bg2 d5 4. cxd5 Nxd5 5. Nf3 Nc6 6. Nc3 Nb6 7. O-O Be7 8.
d3 O-O 9. Be3 Bg4 10. Rc1 Kh8 11. Ne4 Nd4 12. Bxd4 exd4 13. a3 f6 14. Qd2 Bxf3
$11 15. Bxf3 f5 16. Nc5 Bg5 17. Qc2 Qe7 18. Nxb7 Bxc1 19. Rxc1 Rac8 20. Na5 c5
21. Nc6 Qg5 22. Nxa7 c4 23. Nxc8 Rxc8 24. Qd1 c3 25. bxc3 dxc3 26. e3 Qe7 27.
Qb3 Qc5 28. d4 Qa5 29. Kg2 g6 30. h4 Kg7 31. Rc2 h6 32. Qe6 Rc7 33. d5 Qc5 34.
h5 gxh5 35. Qxf5 Nc8 36. Qe5+ Kg8 37. Qxh5 Qd6 38. Qg4+ Kf8 39. Qd4 Qxa3 40.
Qf4+ Rf7 41. Qxh6+ Kg8 42. Qg5+ 1-0

[Event "SV Mülheim-Nord 2 - Düsseldorfer SK 1"]
[Site "Oberliga NRW 2014/2015"]
[Date "2015.04.26"]
[Round "9.8"]
[White "Krueger, Andre"]
[Black "Duijker, Rick"]
[Result "0-1"]
[WhiteElo "2115"]
[BlackElo "2280"]
[PlyCount "82"]
[EventDate "2015.??.??"]
[WhiteTeam "SV Mülheim-Nord 2"]
[BlackTeam "Düsseldorfer SK 1"]

1. d4 Nf6 2. Bg5 c5 3. Bxf6 gxf6 4. d5 Qb6 5. Qc1 f5 6. c4 Bh6 7. Qc2 Qg6 8. e3
f4 9. e4 d6 10. Nf3 Bg4 11. Nbd2 Nd7 12. Be2 Bxf3 13. Bxf3 Ne5 14. Qa4+ Kf8 15.
Qc2 Kg7 16. O-O Rhg8 17. Kh1 Kh8 18. Rg1 a6 19. Rae1 b5 20. b3 Qf6 21. Bd1 Rg6
22. Nf3 Ng4 23. h3 Bg7 24. e5 dxe5 25. cxb5 axb5 26. Qxc5 Qd6 27. Qc2 Rh6 28.
Ng5 Qg6 29. Nxf7+ Qxf7 30. Bxg4 Rha6 31. Re2 Qg6 32. Rc1 Bf6 33. Bf5 Qg5 34. f3
Rxa2 35. Qc6 Qxf5 36. Rxa2 Rxa2 37. Qe8+ Kg7 38. Rc8 Bh4 39. Qg8+ Kh6 40. Rc6+
Bf6 41. d6 Qg6 0-1

[Event "Klub Kölner SF 1 - SVG Plettenberg 1"]
[Site "Oberliga NRW 2014/2015"]
[Date "2015.04.26"]
[Round "9.1"]
[White "Szabo, Gergely-Andras-Gyul"]
[Black "Helbig, Mark"]
[Result "1-0"]
[WhiteElo "2542"]
[BlackElo "2264"]
[PlyCount "89"]
[EventDate "2015.??.??"]
[WhiteTeam "SVG Plettenberg 1"]
[BlackTeam "Klub Kölner SF 1"]

1. e4 d5 2. exd5 Qxd5 3. Nc3 Qd6 4. d4 Nf6 5. Nf3 c6 6. Ne5 Nbd7 7. Nc4 Qc7 8.
Qf3 Nb6 9. Bf4 Qd7 10. Nxb6 axb6 11. O-O-O e6 12. Be5 Nd5 13. Bc4 f6 14. Bg3
Bb4 15. Ne2 O-O 16. Nf4 b5 17. Bb3 Kh8 18. Nd3 Bd6 19. Rhe1 b6 20. Re2 Bb7 21.
Bxd6 Qxd6 22. Qg3 Rad8 23. Rde1 Bc8 24. c3 Qxg3 25. hxg3 g5 26. f3 Kg7 27. g4
Bd7 28. g3 h6 29. a4 bxa4 30. Bxa4 Ra8 31. Bb3 Ra1+ 32. Kd2 Rxe1 33. Rxe1 Ra8
34. f4 Ra7 35. c4 Nc7 36. c5 b5 37. f5 Kf7 38. Nb4 Kg7 39. fxe6 Be8 40. e7 Ra8
41. Bc2 Ra7 42. Be4 Ra4 43. Kc3 f5 44. gxf5 Kf6 45. b3 1-0

[Event "Klub Kölner SF 1 - SVG Plettenberg 1"]
[Site "Oberliga NRW 2014/2015"]
[Date "2015.04.26"]
[Round "9.2"]
[White "Wacker, Peter"]
[Black "Haub, Thorsten Michael"]
[Result "1-0"]
[WhiteElo "2282"]
[BlackElo "2343"]
[PlyCount "107"]
[EventDate "2015.??.??"]
[WhiteTeam "Klub Kölner SF 1"]
[BlackTeam "SVG Plettenberg 1"]

1. e4 g6 2. d4 Bg7 3. Nc3 d6 4. Nf3 a6 5. a4 b6 6. g3 Bb7 7. Bg2 Nd7 8. O-O e6
9. Re1 Ne7 10. Be3 h6 11. Qe2 Nf6 12. Qd3 O-O 13. h3 d5 14. exd5 Nexd5 15. Nxd5
Nxd5 16. Bd2 c5 17. Rad1 cxd4 18. Nxd4 Qd7 19. Ne2 Rfd8 20. c4 Ne7 21. Qxd7
Rxd7 22. Be3 Rad8 23. Rxd7 Rxd7 24. b4 Bxg2 25. Kxg2 Nc8 26. Rc1 Rc7 27. c5
bxc5 28. Bxc5 Bf8 29. Bxf8 Rxc1 30. Nxc1 Kxf8 31. Nd3 Nb6 32. Nc5 a5 33. bxa5
Nc8 34. Kf3 Ke7 35. Ke4 Kd6 36. Kd4 e5+ 37. Kc4 Kc6 38. Kb4 Ne7 39. Nd3 f6 40.
Kc4 Kb7 41. Nb4 f5 42. Kc5 f4 43. g4 f3 44. a6+ Ka7 45. Kc4 g5 46. Kd3 Ng6 47.
Ke4 Nf4 48. Kxf3 Nxh3 49. Ke3 Kb6 50. f3 Nf4 51. Ke4 h5 52. gxh5 Nxh5 53. Kxe5
Nf4 54. Nd5+ 1-0

[Event "Klub Kölner SF 1 - SVG Plettenberg 1"]
[Site "Oberliga NRW 2014/2015"]
[Date "2015.04.26"]
[Round "9.3"]
[White "Bosch, Jeroen"]
[Black "Zuse, Peter"]
[Result "0-1"]
[WhiteElo "2342"]
[BlackElo "2225"]
[PlyCount "62"]
[EventDate "2015.??.??"]
[WhiteTeam "SVG Plettenberg 1"]
[BlackTeam "Klub Kölner SF 1"]

1. Nf3 Nf6 2. c4 g6 3. Nc3 Bg7 4. e4 c5 5. d4 Qa5 6. Qd2 cxd4 7. Nd5 Qxd2+ 8.
Bxd2 Nxd5 9. cxd5 d6 10. Rc1 Nd7 11. b4 Nb6 12. a4 f5 13. a5 fxe4 14. axb6 exf3
15. Ra1 a6 16. gxf3 O-O 17. Ra3 Bd7 18. Be2 Rac8 19. O-O e6 20. b5 axb5 21. Ra7
Rb8 22. Rb1 exd5 23. Bxb5 Bh3 24. f4 Rfc8 25. Bd3 Bf6 26. Ra5 Rc5 27. Ra3 Bf5
28. Kg2 Kf7 29. Kf3 Rc3 30. Rxc3 dxc3 31. Bxf5 gxf5 0-1

[Event "Klub Kölner SF 1 - SVG Plettenberg 1"]
[Site "Oberliga NRW 2014/2015"]
[Date "2015.04.26"]
[Round "9.4"]
[White "Ludwig, Peter"]
[Black "Klip, Hans"]
[Result "1/2-1/2"]
[WhiteElo "2201"]
[BlackElo "2327"]
[Annotator "Hausrath,Daniel"]
[PlyCount "86"]
[EventDate "2015.??.??"]
[WhiteTeam "Klub Kölner SF 1"]
[BlackTeam "SVG Plettenberg 1"]

1. d4 f5 2. g3 Nf6 3. Bg2 g6 4. Nh3 Bg7 5. Nc3 Nc6 6. Bg5 d6 7. d5 Ne5 8. Nf4
c6 9. Nd3 Nxd3+ 10. Qxd3 Bd7 11. O-O Rc8 12. Rfe1 h6 13. Bxf6 Bxf6 14. dxc6
bxc6 15. e4 O-O 16. f4 Qb6+ 17. Kh1 Rcd8 18. e5 dxe5 19. Qc4+ Kh7 20. fxe5 Bg7
21. Rab1 Qb8 22. Qc5 Be6 23. Qxc6 Bc8 24. Qc5 Rd2 25. Qxe7 Rxc2 26. Nd5 Bb7 27.
Nf6+ Rxf6 28. Qxb7 Qxb7 29. Bxb7 Re6 30. Bd5 Rxe5 31. Rxe5 Bxe5 32. Re1 Bd4 33.
Re7+ Kh8 34. b4 g5 35. Re1 Rb2 36. Bb3 f4 37. gxf4 gxf4 38. Rc1 Be3 39. Rc2
Rb1+ 40. Kg2 Kg7 41. Kf3 $11 h5 42. Rg2+ Kf6 43. Rg6+ Kxg6 1/2-1/2

[Event "Klub Kölner SF 1 - SVG Plettenberg 1"]
[Site "Oberliga NRW 2014/2015"]
[Date "2015.04.26"]
[Round "9.5"]
[White "Jansen, Dirk Norbert"]
[Black "Bonnmann, Reinhard"]
[Result "0-1"]
[WhiteElo "2114"]
[BlackElo "2183"]
[PlyCount "72"]
[EventDate "2015.??.??"]
[WhiteTeam "SVG Plettenberg 1"]
[BlackTeam "Klub Kölner SF 1"]

1. e4 c5 2. Nf3 Nc6 3. d4 cxd4 4. Nxd4 Nf6 5. Nc3 e5 6. Ndb5 d6 7. Nd5 Nxd5 8.
exd5 Nb8 9. Qf3 Be7 10. Qc3 Na6 11. Be3 O-O 12. Nxa7 Bg5 13. Bxa6 Bxe3 14. Qxe3
Qa5+ 15. Qd2 Qxa6 16. Nxc8 Rfxc8 17. b3 b5 18. O-O Qa5 19. Rfd1 b4 20. a3 bxa3
21. Qxa5 Rxa5 22. Ra2 f5 23. c4 Rb8 24. Rb1 Rc5 25. Rxa3 Rxc4 26. Rd1 Rcb4 27.
Rd3 e4 28. Rc3 Rd4 29. Kf1 Rxd5 30. Rc7 f4 31. h4 f3 32. gxf3 exf3 33. Kg1 Rd4
34. Raa7 Rg4+ 35. Kh2 h5 36. Kh3 Rxb3 0-1

[Event "Klub Kölner SF 1 - SVG Plettenberg 1"]
[Site "Oberliga NRW 2014/2015"]
[Date "2015.04.26"]
[Round "9.6"]
[White "Wisskirchen, Andreas"]
[Black "Bouaraba, Max"]
[Result "1-0"]
[WhiteElo "2181"]
[BlackElo "2192"]
[PlyCount "80"]
[EventDate "2015.??.??"]
[WhiteTeam "Klub Kölner SF 1"]
[BlackTeam "SVG Plettenberg 1"]

1. d4 Nf6 2. Nf3 d5 3. c4 e6 4. Nc3 Be7 5. Bg5 Nbd7 6. e3 b6 7. cxd5 exd5 8.
Bb5 Bb7 9. Ne5 O-O 10. Bc6 Bxc6 11. Nxc6 Qe8 12. Qf3 Bd6 13. Nxd5 Nxd5 14. Qxd5
h6 15. Bh4 Kh8 16. O-O f5 17. Rac1 Qh5 18. Bg3 Bxg3 19. fxg3 Qe8 20. Rc3 g6 21.
h3 Nf6 22. Qe5 Qf7 23. Qf4 Qg7 24. Rc2 Rae8 25. Ne5 c5 26. Qf3 Ne4 27. g4 Ng5
28. Qf2 fxg4 29. Qxf8+ Rxf8 30. Rxf8+ Kh7 31. Rcf2 cxd4 32. R2f7 Nxf7 33. Rxf7
Qxf7 34. Nxf7 d3 35. Kf2 gxh3 36. gxh3 Kg7 37. Ne5 d2 38. Ke2 Kf6 39. Ng4+ Kg5
40. Kxd2 h5 1-0

[Event "Klub Kölner SF 1 - SVG Plettenberg 1"]
[Site "Oberliga NRW 2014/2015"]
[Date "2015.04.26"]
[Round "9.7"]
[White "Schulze, Marc"]
[Black "Meertens, Martin"]
[Result "1/2-1/2"]
[WhiteElo "2072"]
[BlackElo "2102"]
[Annotator "Hausrath,Daniel"]
[PlyCount "103"]
[EventDate "2015.??.??"]
[WhiteTeam "SVG Plettenberg 1"]
[BlackTeam "Klub Kölner SF 1"]

1. d4 d5 2. Bf4 Bf5 3. Nf3 e6 4. e3 Nf6 5. Be2 Nbd7 6. O-O h6 7. c4 dxc4 8.
Bxc4 Nb6 9. Bb3 Nbd5 10. Be5 Be7 11. Bxd5 exd5 12. Qb3 b6 13. Rc1 Bd6 14. Bxf6
gxf6 15. Qb5+ Qd7 16. Qxd7+ Kxd7 17. Nc3 c6 $11 18. Nh4 Bh7 19. f4 Rhe8 20. Kf2
Bd3 21. Rd1 Ba6 22. Nf5 Bf8 23. Ne2 Bxe2 24. Kxe2 Kc7 25. Rac1 Rad8 26. Kf3 Kb7
27. Rc2 Rd7 28. Rd3 a5 29. Re2 c5 30. dxc5 bxc5 31. Rb3+ Ka6 32. Rd3 Kb5 33.
Red2 Kc6 34. Rc2 a4 35. b3 axb3 36. Rxb3 Rb7 37. Nd4+ Kc7 38. Nb5+ Kd7 39. Nc3
Rxb3 40. axb3 Ke6 41. Na4 Rb8 42. Nxc5+ Bxc5 43. Rxc5 Rxb3 44. Rc8 d4 45. Re8+
Kf5 46. h3 Kg6 47. Rg8+ Kh7 48. Re8 f5 49. g3 Kg7 50. g4 fxg4+ 51. hxg4 Kg6 52.
Rg8+ 1/2-1/2

[Event "Klub Kölner SF 1 - SVG Plettenberg 1"]
[Site "Oberliga NRW 2014/2015"]
[Date "2015.04.26"]
[Round "9.8"]
[White "Bayer, Ernst-Wolfgang"]
[Black "Pieper, Dawid"]
[Result "1/2-1/2"]
[WhiteElo "2197"]
[BlackElo "2134"]
[Annotator "Hausrath,Daniel"]
[PlyCount "99"]
[EventDate "2015.??.??"]
[WhiteTeam "Klub Kölner SF 1"]
[BlackTeam "SVG Plettenberg 1"]

1. Nf3 f5 2. d4 e6 3. c4 Nf6 4. d5 Bb4+ 5. Bd2 Qe7 6. a3 Bxd2+ 7. Qxd2 e5 8.
Nc3 d6 9. e3 O-O 10. Be2 a5 11. O-O Ne4 12. Qc2 Nxc3 13. Qxc3 a4 14. c5 Nd7 15.
cxd6 cxd6 16. Qc7 Qf6 17. Rac1 e4 $11 18. Nd4 Ne5 19. Rc3 f4 20. exf4 Ng6 21.
Ne6 Bxe6 22. dxe6 Nxf4 23. Bb5 Qxe6 24. Qxb7 Rab8 25. Qa6 Qe5 26. g3 Nh3+ 27.
Kg2 Qxb5 28. Qxb5 Rxb5 29. Kxh3 Rxb2 30. Rc4 d5 31. Rd4 Rfxf2 32. Rxf2 Rxf2 33.
Rxd5 Ra2 34. Rd4 Rxa3 35. Rxe4 Ra1 36. Re7 h6 37. Kg4 Kh7 38. h4 Kg6 39. h5+
Kf6 40. Ra7 a3 41. Ra6+ Ke5 42. Ra5+ Kd4 43. Kf5 a2 44. Kg6 Rg1 45. Rxa2 Rxg3+
46. Kh7 Rg5 47. Re2 Rxh5 48. Kxg7 Kd3 49. Re6 Kd4 50. Rxh6 1/2-1/2

[Event "SF Lieme 1 - PSV Duisburg 1"]
[Site "Oberliga NRW 2014/2015"]
[Date "2015.04.26"]
[Round "9.1"]
[White "Fleck, Juergen"]
[Black "Wittke, Rene"]
[Result "1/2-1/2"]
[WhiteElo "2329"]
[BlackElo "2148"]
[PlyCount "37"]
[EventDate "2015.??.??"]
[WhiteTeam "PSV Duisburg 1"]
[BlackTeam "SF Lieme 1"]

1. e4 c5 2. Nf3 e6 3. d4 cxd4 4. Nxd4 a6 5. Bd3 Bc5 6. Nb3 Be7 7. O-O d6 8. Qg4
g6 9. Qe2 Nd7 10. a4 b6 11. Na3 Bb7 12. Nc4 Ngf6 13. Bh6 Qc7 14. Rfe1 Rc8 15.
Na3 Nb8 16. c3 d5 17. exd5 Nxd5 18. Be4 Nd7 19. g3 1/2-1/2